ბათუმის შოთა რუსთაველის სახელმწიფო უნივერსიტეტის ბიბლიოთეკა

Paediatric Dentistry / (ბიბ.ჩანაწერი № 58806)

000 -LEADER
fixed length control field 00898nam a22002297a 4500
005 - DATE AND TIME OF LATEST TRANSACTION
control field 20221105213351.0
008 - FIXED-LENGTH DATA ELEMENTS--GENERAL INFORMATION
fixed length control field 220914s2018 enk||||| |||| 00| 0 eng d
020 ## - INTERNATIONAL STANDARD BOOK NUMBER
International Standard Book Number 9780198789277
041 ## - LANGUAGE CODE
Language code of text/sound track or separate title eng
080 ## - UNIVERSAL DECIMAL CLASSIFICATION NUMBER
Universal Decimal Classification number 616.31 P-36
245 ## - TITLE STATEMENT
Title Paediatric Dentistry /
Statement of responsibility, etc. Edited by Richard Welbury, Monty S. Duggal, and Marie Thérèse Hosey
250 ## - EDITION STATEMENT
Edition statement fifth edition
264 ## - PRODUCTION, PUBLICATION, DISTRIBUTION, MANUFACTURE, AND COPYRIGHT NOTICE
Place of production, publication, distribution, manufacture Oxford,
Date of production, publication, distribution, manufacture, or copyright notice 2018.
300 ## - PHYSICAL DESCRIPTION
Extent 389 p.
Other physical details 28 cm.
653 ## - INDEX TERM--UNCONTROLLED
keyword ბავშვთა სტომატოლოგია
653 ## - INDEX TERM--UNCONTROLLED
keyword მედიცინა
700 ## - ADDED ENTRY--PERSONAL NAME
Personal name Welbury, Richard
Relator term რედაქტორი
9 (RLIN) 14599
700 ## - ADDED ENTRY--PERSONAL NAME
Personal name Duggal, Monty S.
Relator term რედაქტორი
9 (RLIN) 14600
700 ## - ADDED ENTRY--PERSONAL NAME
Personal name Hosey, Marie Thérèse
Relator term რედაქტორი
9 (RLIN) 14601
856 ## - ELECTRONIC LOCATION AND ACCESS
Link text ელ.ვერსია
Uniform Resource Identifier https://books.google.ge/books?id=mhFQDwAAQBAJ&hl=ru&source=gbs_ViewAPI&redir_esc=y
942 ## - ADDED ENTRY ELEMENTS (KOHA)
Source of classification or shelving scheme
Koha item type წიგნი
ეგზემპლარები
Withdrawn status Lost status Source of classification or shelving scheme Damaged status Not for loan Permanent Location Current Location Shelving location Date acquired Cost, normal purchase price Full call number Barcode Date last seen Copy number Price effective from Koha item type Public note
          ბათუმის შოთა რუსთაველის სახელმწიფო უნივერსიტეტის მთავარი ბიბლიოთეკა ბათუმის შოთა რუსთაველის სახელმწიფო უნივერსიტეტის მთავარი ბიბლიოთეკა წიგნსაცავი 2022-09-14 306.00 616.31 P-36 63044 2022-09-14 63044 2022-09-14 წიგნი 306 ლ.